Novyje buriľnyje mašiny vraščateľnogo dejstvija. /

Saved in:
Bibliographic Details
Main Authors: Vodjanik, Grigorij Michajlovič (Author), Rylev, Eduard Vasiľjevič (Author)
Format: Book
Language:Russian
Published: Kijev : Technika, 1979.
Edition:1. izd.
ISBN: (brož.)
Physical Description: 123 s.
Tags: Add Tag
No Tags, Be the first to tag this record!

MARC

LEADER 00000nam a2200000 a 4500
001 000135708
005 20091209160617.0
008 040101s1979 un e rus d
020 |a (brož.) 
040 |a SVKKK  |b slo  |c SVKKK  |e AACR2 
041 0 |a rus 
044 |a un  |c UA 
100 1 |a Vodjanik, Grigorij Michajlovič  |4 aut 
245 1 0 |a Novyje buriľnyje mašiny vraščateľnogo dejstvija. /  |c Grigorij Michajlovič Vodjanik, Eduard Vasiľjevič Rylev. 
250 |a 1. izd. 
260 |a Kijev :  |b Technika,  |c 1979. 
300 |a 123 s. 
700 1 |a Rylev, Eduard Vasiľjevič  |4 aut 
910 |a svkkk 
998 |a BK 
090 |g SCKHL  |k Sklad Pribinova 2. posch.  |a II.277864  |j 664553  |i 135708-10  |s Absenčne